Fundamentals of Algorithms (Record no. 23285)
[ view plain ]
| 000 -LEADER | |
|---|---|
| fixed length control field | 00219nam a22001097a 4500 |
| 082 ## - DEWEY DECIMAL CLASSIFICATION NUMBER | |
| Classification number | 005.1 |
| 245 ## - TITLE STATEMENT | |
| Title | Fundamentals of Algorithms |
| 250 ## - EDITION STATEMENT | |
| Edition statement | 3rd Ed |
| 260 ## - PUBLICATION, DISTRIBUTION, ETC. | |
| Place of publication, distribution, etc. | India |
| Name of publisher, distributor, etc. | Person |
| Date of publication, distribution, etc. | 2004 |
| 300 ## - PHYSICAL DESCRIPTION | |
| Extent | 650 |
| Other physical details | PB |
| 942 ## - ADDED ENTRY ELEMENTS (KOHA) | |
| Koha item type | Book |
| Withdrawn status | Lost status | Damaged status | Not for loan | Collection code | Permanent Location | Current Location | Shelving location | Date acquired | Source of acquisition | Cost, normal purchase price | Total Checkouts | Full call number | Barcode | Date last seen | Price effective from | Koha item type |
|---|---|---|---|---|---|---|---|---|---|---|---|---|---|---|---|---|
| School of Interdisciplinary Engineering and Sciences (SINES) | School of Interdisciplinary Engineering and Sciences (SINES) | General Stacks | 03/07/2013 | Saeed Book Bank | 466.10 | 005.1 | RCMS00036 | 03/07/2013 | 03/07/2013 | Book |
